Dalit padanam: (Record no. 181945)

000 -LEADER
fixed length control field 00479nam a22001697a 4500
020 ## - INTERNATIONAL STANDARD BOOK NUMBER
ISBN 9789390790432
082 ## - DEWEY DECIMAL CLASSIFICATION NUMBER
Classification number M 809.892 069 4
Item number JOB/D
245 ## - TITLE STATEMENT
Title Dalit padanam:
Sub Title sahithyam, Kala, samaskaram/
Statement of responsibility, etc by Jobin Chamakkala (ed.)
260 ## - PUBLICATION, DISTRIBUTION, ETC. (IMPRINT)
Place of publication Kozhikode:
Name of publisher Pavanatma Publishers,
Year of publication 2012.
300 ## - PHYSICAL DESCRIPTION
Number of Pages 116p.
650 ## - SUBJECT ADDED ENTRY--TOPICAL TERM
Topical Term Literature Dalit
650 ## - SUBJECT ADDED ENTRY--TOPICAL TERM
Topical Term Literature Culture
650 ## - SUBJECT ADDED ENTRY--TOPICAL TERM
Topical Term Literature Arts
650 ## - SUBJECT ADDED ENTRY--TOPICAL TERM
Topical Term Literature
700 ## - ADDED ENTRY--PERSONAL NAME
Personal name Jobin Chamakkala (ed.)
942 ## - ADDED ENTRY ELEMENTS (KOHA)
Koha item type Book
Holdings
Withdrawn status Lost status Damaged status Not for loan Permanent Location Current Location Shelving location Date acquired Cost, normal purchase price Full call number Accession Number Price effective from Koha item type
        Sree Sankaracharya University of Sanskrit Sree Sankaracharya University of Sanskrit Stacks 02.06.2026 230.00 M 809.892 069 4 JOB/D 109108 02.06.2026 Book